000 00647nam a2200205Ia 4500
003 GCL
008 140319s9999 xx 000 0 ara d
020 _a5017910977
040 _aGCL /
_cGCL
082 0 4 _a212.6
_bق ا
100 1 _aالقطب محمد القطب
245 1 0 _aالاسلام وحقوق الانسان :
_bدراسة مقارنة /
_cالقطب محمد القطب
260 _aالقاهرة :
_bدار الفكر العربى ،
_c1984
300 _a617 ص ؛
_c24 سم
490 _a
650 0 4 _aالاسلام
650 0 4 _aالاسلام والمجتمع
650 0 4 _aحقوق الانسان
942 _2ddc
_cBK
999 _c38674
_d38674